[Event "Berkeley op"]
[Site "Berkeley"]
[Date "2011.01.02"]
[Round "2"]
[White "Santic, Berislav"]
[Black "Gaffagan, Steven"]
[Result "0-1"]
[WhiteElo "2259"]
[BlackElo "1995"]
[PlyCount "116"]
[EventDate "2011.01.02"]
[EventType "swiss"]
[EventRounds "10"]
[EventCountry "USA"]
[SourceTitle "CBM 140 Extra"]
[Source "ChessBase"]
[SourceDate "2011.03.01"]
[SourceVersion "1"]
[SourceVersionDate "2011.03.01"]
[SourceQuality "1"]

1. Nf3 Nf6 2. g3 c5 3. Bg2 d5 4. 0-0 Nc6 5. d3 e6 6. Nbd2 Be7 7. e4 b6 8. exd5 exd5 9. d4 0-0 10. dxc5 bxc5 11. Nb3 a5 12. Bg5 a4 13. Bxf6 Bxf6 14. Nxc5 a3 15. b3 Bxa1 16. Qxa1 Qa5 17. Nd3 Bf5 18. Nf4 Rad8 19. c3 Rfe8 20. b4 Qb5 21. Qc1 Ra8 22. Rd1 Be4 23. Bf1 Qb7 24. Nd2 Ne5 25. Nxe4 dxe4 26. Qe3 Rad8 27. Be2 Rxd1+ 28. Bxd1 g6 29. Bb3 Ng4 30. Qe2 Nf6 31. Ng2 Rd8 32. Ne3 Rd3 33. Bc4 Rxc3 34. b5 Rc1+ 35. Kg2 Qc7 36. h3 h5 37. Bb3 Qc5 38. Qd2 Rc3 39. Qd8+ Kg7 40. b6 Rd3 41. Qc7 Nd7 42. Bc4 Rd6 43. Bb5 Qxb6 44. Qc3+ Qd4 45. Qxa3 Rf6 46. Bxd7 Qxd7 47. Qc3 Qd3 48. Qe5 Qe2 49. Nd5 Qf3+ 50. Kh2 Qxf2+ 51. Kh1 Qf1+ 52. Kh2 Qf2+ 53. Kh1 Qf5 54. Qxf6+ Qxf6 55. Nxf6 Kxf6 56. a4 Ke5 57. g4 f5 58. a5 Kd6 0-1

[Event "Max Wilkerson"]
[Site "San Francisco"]
[Date "1998.11.29"]
[Round "10"]
[White "Santic, Berislav"]
[Black "Lobo, Richard"]
[Result "0-1"]
[WhiteElo "2315"]
[BlackElo "2285"]
[PlyCount "110"]
[EventDate "1998.11.18"]
[EventType "tourn"]
[EventRounds "11"]
[EventCountry "USA"]
[EventCategory "2"]
[SourceTitle "CBM 067 Extra"]
[Source "ChessBase"]
[SourceDate "1999.01.01"]
[SourceVersion "1"]
[SourceVersionDate "1999.01.01"]
[SourceQuality "1"]

1. Nf3 Nf6 2. g3 b6 3. Bg2 Bb7 4. 0-0 e6 5. d3 d5 6. Nbd2 c5 7. e4 Nc6 8. e5 Nd7 9. Re1 Qc7 10. Qe2 Be7 11. Nf1 0-0-0 12. h4 h6 13. N1h2 d4 14. Ng4 Kb8 15. h5 b5 16. a3 Nb6 17. Bd2 Rd7 18. b3 Nd5 19. Qd1 Nc3 20. Qc1 a5 21. Qb2 b4 22. a4 Bd8 23. Qc1 Ne7 24. Bxc3 bxc3 25. Qd1 Nc6 26. Qe2 Nb4 27. Nfh2 Bxg2 28. Kxg2 Qc6+ 29. f3 Bg5 30. Nf1 g6 31. hxg6 fxg6 32. Nf2 Rf7 33. Ne4 Be7 34. Nh2 h5 35. Qf2 Rhf8 36. Re2 Qd5 37. Rae1 g5 38. Nf6 Bxf6 39. exf6 g4 40. Re5 gxf3+ 41. Nxf3 Qd8 42. Rxe6 Rxf6 43. Rxf6 Qxf6 44. Re2 Kb7 45. Ne1 Qc6+ 46. Nf3 Nd5 47. Re4 Qf6 48. Qe2 Ne3+ 49. Rxe3 dxe3 50. Qxe3 Kb6 51. Qe4 Qc6 52. Qe3 Re8 53. Qf4 Re2+ 54. Kf1 Rxc2 55. Qb8+ Ka6 0-1

[Event "Max Wilkerson"]
[Site "San Francisco"]
[Date "1998.11.25"]
[Round "7"]
[White "Pinto, Mark A"]
[Black "Santic, Berislav"]
[Result "1/2-1/2"]
[WhiteElo "2165"]
[BlackElo "2315"]
[PlyCount "66"]
[EventDate "1998.11.18"]
[EventType "tourn"]
[EventRounds "11"]
[EventCountry "USA"]
[EventCategory "2"]
[SourceTitle "CBM 067 Extra"]
[Source "ChessBase"]
[SourceDate "1999.01.01"]
[SourceVersion "1"]
[SourceVersionDate "1999.01.01"]
[SourceQuality "1"]

1. e4 e6 2. d4 c5 3. d5 exd5 4. exd5 Nf6 5. Nf3 d6 6. c4 g6 7. Bg5 Bg7 8. Qe2+ Qe7 9. Nc3 a6 10. Qxe7+ Kxe7 11. Bd3 h6 12. Bh4 g5 13. Bg3 Nh5 14. Kd2 Nxg3 15. hxg3 Nd7 16. Rae1+ Kd8 17. Ne4 Kc7 18. Nc3 Ne5 19. Nxe5 Bxe5 20. a3 Bd7 21. b4 b6 22. Re2 Rhe8 23. Rhe1 Bg7 24. Rxe8 Rxe8 25. Rxe8 Bxe8 26. b5 a5 27. Bf5 Be5 28. Ne4 Kd8 29. a4 Ke7 30. Ke3 f6 31. g4 h5 32. gxh5 Bxh5 33. g4 Bf7 1/2-1/2

[Event "Max Wilkerson"]
[Site "San Francisco"]
[Date "1998.11.22"]
[Round "4"]
[White "Santic, Berislav"]
[Black "Rey, Guillermo"]
[Result "1/2-1/2"]
[WhiteElo "2315"]
[BlackElo "2370"]
[PlyCount "32"]
[EventDate "1998.11.18"]
[EventType "tourn"]
[EventRounds "11"]
[EventCountry "USA"]
[EventCategory "2"]
[SourceTitle "CBM 067 Extra"]
[Source "ChessBase"]
[SourceDate "1999.01.01"]
[SourceVersion "1"]
[SourceVersionDate "1999.01.01"]
[SourceQuality "1"]

1. Nf3 Nf6 2. g3 g6 3. b3 Bg7 4. Bb2 0-0 5. Bg2 d6 6. d4 Nc6 7. 0-0 Bf5 8. d5 Na5 9. Nd4 Bd7 10. c4 c5 11. dxc6 Nxc6 12. Nc3 Rc8 13. Qd2 a6 14. Nd5 Nxd5 15. Nxc6 bxc6 16. Bxg7 Kxg7 1/2-1/2

[Event "Max Wilkerson"]
[Site "San Francisco"]
[Date "1998.11.18"]
[Round "1"]
[White "Santic, Berislav"]
[Black "Vucic, Mladen"]
[Result "1/2-1/2"]
[WhiteElo "2315"]
[BlackElo "2385"]
[PlyCount "21"]
[EventDate "1998.11.18"]
[EventType "tourn"]
[EventRounds "11"]
[EventCountry "USA"]
[EventCategory "2"]
[SourceTitle "CBM 067 Extra"]
[Source "ChessBase"]
[SourceDate "1999.01.01"]
[SourceVersion "1"]
[SourceVersionDate "1999.01.01"]
[SourceQuality "1"]

1. c4 e6 2. g3 d5 3. cxd5 exd5 4. Bg2 Nf6 5. Nf3 Be7 6. 0-0 0-0 7. Qc2 c6 8. b3 Bg4 9. Bb2 Na6 10. a3 Nc5 11. d4 1/2-1/2